MLB Starting Lineups of the 2010s - Statistics

General Stats
  • This quiz has been taken 30 times
  • The average score is 104 of 240
Answer Stats
Team Position # of Starts Player % Correct
Arizona Diamondbacks 1B 1018 Paul Goldschmidt
86%
Boston Red Sox RF 444 Mookie Betts
82%
Baltimore Orioles CF 1299 Adam Jones
77%
Chicago White Sox SS 773 Alexei Ramirez
77%
Milwaukee Brewers 3B 423 Aramis Ramirez
77%
Atlanta Braves 3B 297 Chipper Jones
77%
Miami Marlins LF 395 Christian Yelich
77%
Houston Astros 2B 1061 Jose Altuve
77%
Cleveland Indians 3B 452 Jose Ramirez
77%
Chicago Cubs 3B 485 Kris Bryant
77%
Los Angeles Angels CF 1031 Mike Trout
77%
Los Angeles Dodgers 1B 684 Adrian Gonzalez
73%
Pittsburgh Pirates CF 1202 Andrew McCutchen
73%
Washington Nationals RF 549 Bryce Harper
73%
San Francisco Giants C 957 Buster Posey
73%
Houston Astros SS 673 Carlos Correa
73%
Colorado Rockies LF 389 Carlos Gonzalez
73%
Colorado Rockies RF 607 Carlos Gonzalez
73%
Tampa Bay Rays 3B 1068 Evan Longoria
73%
Cincinnati Reds 1B 1376 Joey Votto
73%
Chicago White Sox 1B 753 Jose Abreu
73%
Tampa Bay Rays C 237 Jose Molina
73%
Baltimore Orioles 3B 715 Manny Machado
73%
Colorado Rockies 3B 1013 Nolan Arenado
73%
Milwaukee Brewers LF 924 Ryan Braun
73%
Kansas City Royals C 856 Salvador Perez
73%
Chicago Cubs C 347 Willson Contreras
73%
St. Louis Cardinals C 1262 Yadier Molina
73%
Los Angeles Angels 1B 565 Albert Pujols
68%
Houston Astros 3B 391 Alex Bregman
68%
Chicago Cubs 1B 1141 Anthony Rizzo
68%
San Francisco Giants 1B 883 Brandon Belt
68%
San Francisco Giants SS 1153 Brandon Crawford
68%
Los Angeles Dodgers LF 236 Carl Crawford
68%
San Diego Padres SS 341 Everth Cabrera
68%
Cleveland Indians SS 702 Francisco Lindor
68%
Atlanta Braves 1B 1286 Freddie Freeman
68%
Minnesota Twins 1B 584 Joe Mauer
68%
Toronto Blue Jays 3B 413 Josh Donaldson
68%
Chicago White Sox LF 389 Melky Cabrera
68%
Toronto Blue Jays LF 206 Melky Cabrera
68%
Detroit Tigers 1B 826 Miguel Cabrera
68%
New York Yankees 2B 610 Robinson Cano
68%
Seattle Mariners 2B 667 Robinson Cano
68%
Pittsburgh Pirates LF 558 Starling Marte
68%
Texas Rangers 3B 940 Adrian Beltre
64%
Baltimore Orioles 1B 896 Chris Davis
64%
Boston Red Sox 2B 1007 Dustin Pedroia
64%
Miami Marlins RF 937 Giancarlo Stanton
64%
Seattle Mariners RF 407 Ichiro Suzuki
64%
Miami Marlins C 483 JT Realmuto
64%
Los Angeles Dodgers 3B 599 Justin Turner
64%
Toronto Blue Jays C 381 Russell Martin
64%
Boston Red Sox SS 691 Xander Bogaerts
64%
Kansas City Royals LF 1298 Alex Gordon
59%
Atlanta Braves C 530 Brian McCann
59%
New York Yankees C 306 Brian McCann
59%
Minnesota Twins CF 358 Byron Buxton
59%
Los Angeles Dodgers SS 453 Corey Seager
59%
New York Mets 2B 487 Daniel Murphy
59%
Texas Rangers LF 333 David Murphy
59%
Miami Marlins 2B 363 Dee Gordon
59%
Kansas City Royals 1B 1009 Eric Hosmer
59%
Detroit Tigers RF 341 JD Martinez
59%
Toronto Blue Jays RF 900 Jose Bautista
59%
Washington Nationals LF 262 Juan Soto
59%
St. Louis Cardinals 2B 652 Kolten Wong
59%
Seattle Mariners 3B 1211 Kyle Seager
59%
St. Louis Cardinals 3B 586 Matt Carpenter
59%
Oakland Athletics 3B 379 Matt Chapman
59%
Philadelphia Phillies 1B 758 Ryan Howard
59%
Colorado Rockies SS 597 Troy Tulowitzki
59%
Atlanta Braves SS 488 Andrelton Simmons
55%
Washington Nationals 3B 729 Anthony Rendon
55%
Cincinnati Reds CF 626 Billy Hamilton
55%
Milwaukee Brewers CF 580 Carlos Gomez
55%
Cleveland Indians 1B 668 Carlos Santana
55%
New York Mets 3B 693 David Wright
55%
Texas Rangers SS 1437 Elvis Andrus
55%
Houston Astros RF 453 George Springer
55%
Philadelphia Phillies SS 651 Jimmy Rollins
55%
Minnesota Twins C 330 Kurt Suzuki
55%
Oakland Athletics C 329 Kurt Suzuki
55%
Kansas City Royals CF 587 Lorenzo Cain
55%
Oakland Athletics SS 709 Marcus Semien
55%
Los Angeles Dodgers CF 515 Matt Kemp
55%
Boston Red Sox 1B 322 Mike Napoli
55%
Texas Rangers RF 437 Nelson Cruz
55%
Boston Red Sox 3B 320 Rafael Devers
55%
Kansas City Royals SS 1205 Alcides Escobar
50%
Boston Red Sox LF 266 Andrew Benintendi
50%
Chicago White Sox RF 467 Avisail Garcia
50%
New York Yankees LF 843 Brett Gardner
50%
Colorado Rockies CF 667 Charlie Blackmon
50%
Los Angeles Dodgers 2B 246 Chase Utley
50%
Colorado Rockies 2B 849 DJ LeMahieu
50%
Cincinnati Reds 3B 589 Eugenio Suarez
50%
Detroit Tigers 2B 594 Ian Kinsler
50%
Boston Red Sox CF 561 Jackie Bradley Jr.
50%
Chicago Cubs RF 370 Jason Heyward
50%
Cincinnati Reds RF 966 Jay Bruce
50%
Pittsburgh Pirates 1B 426 Josh Bell
50%
Oakland Athletics RF 534 Josh Reddick
50%
Tampa Bay Rays CF 561 Kevin Kiermaier
50%
Miami Marlins CF 397 Marcell Ozuna
50%
New York Yankees 1B 744 Mark Teixeira
50%
Oakland Athletics 1B 317 Matt Olson
50%
San Francisco Giants 3B 727 Pablo Sandoval
50%
Milwaukee Brewers 1B 319 Prince Fielder
50%
Tampa Bay Rays SS 283 Yunel Escobar
50%
Toronto Blue Jays SS 331 Yunel Escobar
50%
Cincinnati Reds 2B 994 Brandon Phillips
45%
Minnesota Twins 2B 856 Brian Dozier
45%
St. Louis Cardinals RF 260 Carlos Beltran
45%
Philadelphia Phillies 2B 665 Cesar Hernandez
45%
New York Yankees 3B 416 Chase Headley
45%
San Diego Padres 3B 636 Chase Headley
45%
New York Mets RF 395 Curtis Granderson
45%
Pittsburgh Pirates RF 524 Gregory Polanco
45%
New York Yankees CF 472 Jacoby Ellsbury
45%
Baltimore Orioles SS 884 JJ Hardy
45%
Minnesota Twins SS 391 Jorge Polanco
45%
Arizona Diamondbacks RF 432 Justin Upton
45%
Atlanta Braves LF 241 Justin Upton
45%
Detroit Tigers LF 266 Justin Upton
45%
Los Angeles Angels LF 222 Justin Upton
45%
Kansas City Royals 3B 856 Mike Moustakas
45%
Pittsburgh Pirates 2B 775 Neil Walker
45%
Pittsburgh Pirates 3B 542 Pedro Alvarez
45%
Houston Astros 1B 337 Yuli Gurriel
45%
Detroit Tigers CF 514 Austin Jackson
41%
Houston Astros C 539 Jason Castro
41%
Cleveland Indians 2B 1041 Jason Kipnis
41%
Milwaukee Brewers C 688 Jonathan Lucroy
41%
Miami Marlins 1B 391 Justin Bour
41%
St. Louis Cardinals LF 853 Matt Holliday
41%
Texas Rangers 1B 616 Mitch Moreland
41%
Chicago Cubs SS 836 Starlin Castro
41%
Colorado Rockies 1B 386 Todd Helton
41%
Cleveland Indians C 556 Yan Gomes
41%
Los Angeles Dodgers RF 568 Yasiel Puig
41%
San Diego Padres 1B 394 Yonder Alonso
41%
Tampa Bay Rays 2B 400 Ben Zobrist
36%
Houston Astros LF 211 Carlos Lee
36%
Atlanta Braves 2B 471 Dan Uggla
36%
Arizona Diamondbacks LF 409 David Peralta
36%
Milwaukee Brewers SS 464 Jean Segura
36%
Baltimore Orioles C 704 Matt Wieters
36%
Cleveland Indians LF 643 Michael Brantley
36%
Arizona Diamondbacks C 583 Miguel Montero
36%
Arizona Diamondbacks SS 544 Nick Ahmed
36%
Detroit Tigers 3B 518 Nick Castellanos
36%
Atlanta Braves RF 710 Nick Markakis
36%
Baltimore Orioles RF 719 Nick Markakis
36%
New York Mets SS 397 Ruben Tejada
36%
Oakland Athletics LF 305 Yoenis Cespedes
36%
Boston Red Sox C 353 Christian Vazquez
32%
Oakland Athletics CF 539 Coco Crisp
32%
Chicago Cubs CF 266 Dexter Fowler
32%
Philadelphia Phillies RF 153 Hunter Pence
32%
San Francisco Giants RF 663 Hunter Pence
32%
Washington Nationals SS 875 Ian Desmond
32%
Oakland Athletics 2B 368 Jed Lowrie
32%
Los Angeles Angels RF 896 Kole Calhoun
32%
Philadelphia Phillies 3B 587 Maikel Franco
32%
Miami Marlins 3B 328 Martin Prado
32%
Minnesota Twins RF 391 Max Kepler
32%
Texas Rangers 2B 777 Rougned Odor
32%
Chicago White Sox 3B 216 Todd Frazier
32%
Washington Nationals C 553 Wilson Ramos
32%
Chicago White Sox C 356 AJ Pierzynski
27%
Detroit Tigers C 622 Alex Avila
27%
Chicago Cubs LF 488 Alfonso Soriano
27%
Minnesota Twins LF 496 Eddie Rosario
27%
Detroit Tigers SS 534 Jose Iglesias
27%
Seattle Mariners 1B 448 Justin Smoak
27%
Toronto Blue Jays 1B 510 Justin Smoak
27%
Toronto Blue Jays CF 579 Kevin Pillar
27%
St. Louis Cardinals 1B 343 Matt Adams
27%
Philadelphia Phillies CF 556 Odubel Herrera
27%
St. Louis Cardinals SS 352 Paul DeJong
27%
Milwaukee Brewers 2B 567 Rickie Weeks
27%
Cleveland Indians RF 377 Shin-Soo Choo
27%
New York Mets C 364 Travis d'Arnaud
27%
Cincinnati Reds C 492 Tucker Barnhart
27%
Colorado Rockies C 313 Wilin Rosario
27%
Cincinnati Reds LF 375 Adam Duvall
23%
Chicago White Sox CF 308 Adam Eaton
23%
Arizona Diamondbacks CF 535 AJ Pollock
23%
San Francisco Giants CF 427 Angel Pagan
23%
Philadelphia Phillies C 631 Carlos Ruiz
23%
New York Yankees SS 635 Didi Gregorius
23%
Los Angeles Angels 2B 659 Howie Kendrick
23%
Houston Astros CF 353 Jake Marisnick
23%
San Francisco Giants 2B 585 Joe Panik
23%
Baltimore Orioles 2B 598 Jonathan Schoop
23%
St. Louis Cardinals CF 475 Jon Jay
23%
New York Mets 1B 442 Lucas Duda
23%
Minnesota Twins 3B 536 Trevor Plouffe
23%
Cincinnati Reds SS 704 Zack Cozart
23%
Washington Nationals 1B 469 Adam LaRoche
18%
San Diego Padres C 330 Austin Hedges
18%
Milwaukee Brewers RF 310 Corey Hart
18%
Washington Nationals 2B 491 Danny Espinosa
18%
Washington Nationals CF 350 Denard Span
18%
Tampa Bay Rays LF 307 Desmond Jennings
18%
Atlanta Braves CF 479 Ender Inciarte
18%
Chicago White Sox 2B 527 Gordon Beckham
18%
Arizona Diamondbacks 3B 481 Jake Lamb
18%
New York Mets CF 466 Juan Lagares
18%
New York Yankees RF 378 Nick Swisher
18%
Tampa Bay Rays RF 345 Steven Souza Jr.
18%
Arizona Diamondbacks 2B 419 Aaron Hill
14%
Los Angeles Dodgers C 482 AJ Ellis
14%
Los Angeles Angels SS 858 Erick Aybar
14%
Pittsburgh Pirates C 417 Francisco Cervelli
14%
San Francisco Giants LF 172 Gregor Blanco
14%
Pittsburgh Pirates SS 718 Jordy Mercer
14%
San Diego Padres CF 355 Cameron Maybin
9%
Chicago Cubs 2B 469 Darwin Barney
9%
Texas Rangers CF 344 Delino DeShields
9%
Seattle Mariners CF 283 Franklin Gutierrez
9%
New York Mets LF 267 Jason Bay
9%
San Diego Padres 2B 296 Jedd Gyorko
9%
Cleveland Indians CF 308 Michael Bourn
9%
Baltimore Orioles LF 186 Nolan Reimold
9%
Philadelphia Phillies LF 276 Raul Ibanez
9%
Texas Rangers C 392 Robinson Chirinos
9%
Kansas City Royals 2B 369 Whit Merrifield
9%
Miami Marlins SS 572 Adeiny Hechavarria
5%
Los Angeles Angels 3B 381 Alberto Callaspo
5%
San Diego Padres LF 169 Carlos Quentin
5%
Los Angeles Angels C 345 Chris Iannetta
5%
Seattle Mariners LF 171 Dustin Ackley
5%
Tampa Bay Rays 1B 383 James Loney
5%
Seattle Mariners C 535 Mike Zunino
5%
San Diego Padres RF 333 Will Venable
5%
Seattle Mariners SS 333 Brendan Ryan
0%
Toronto Blue Jays 2B 296 Devon Travis
0%
Kansas City Royals RF 345 Jeff Francoeur
0%
No matching quizzes found
Score Distribution
Percent of People with Each Score
Percentile by Number Answered
Your Score History
You have not taken this quiz